| 000 | 00439nam a2200169Ia 4500 | ||
|---|---|---|---|
| 008 | 150509s9999 xx 000 0 und d | ||
| 020 | _a712103244 | ||
| 082 | _a657.42 OWL | ||
| 100 | _aOWLER, L.W.JBROWN, J.L. | ||
| 245 | _aCost accounting and costing methods | ||
| 260 | _aLondon: | ||
| 260 | _bMacdonalds & Evans | ||
| 260 | _c1970 | ||
| 300 | _axiii, 688 p. :ill. ; 23 cm | ||
| 500 | _aIncludes index | ||
| 650 | _aCost accounting | ||
| 999 |
_c11583 _d11583 |
||